La pobreza en Colombia : análisis filosófico y socio-político / Martin Carlos Morales Flórez ; entrevistador Camilo Orbes M. (Registro nro. 44541)
[ vista simple ]
| 000 -LÍDER | |
|---|---|
| Campo fijo de descripción fija | 010540000a22002050004500 |
| 020 ## - NÚMERO INTERNACIONAL NORMALIZADO PARA LIBROS | |
| Número Internacional Normalizado del libro | 958-607-472-2 |
| 082 04 - NÚMERO DE CLASIFICACIÓN DECIMAL DEWEY | |
| Número de clasificación | G 362.5798 M8283p |
| 001 - NÚMERO DE CONTROL | |
| Campo de control | 18049 |
| 100 1# - ASIENTO PRINCIPAL--NOMBRE PERSONAL | |
| Nombre personal | Morales Flórez, Martin Carlos |
| 245 10 - TÍTULO | |
| Título del Material | La pobreza en Colombia : análisis filosófico y socio-político / Martin Carlos Morales Flórez ; entrevistador Camilo Orbes M. |
| 260 ## - PUBLICACIÓN, DISTRIBUCIÓN, ETC. (PIE DE IMPRENTA) | |
| Lugar de publicación, distribución, etc. | Bogotá, Colombia : Ediciones Paulinas |
| 300 ## - DESCRIPCIÓN FÍSICA | |
| Extensión | 86 p. |
| 336 ## - CONTENT TYPE | |
| Content type term | texto |
| Content type code | txt |
| Source | rdacontent |
| 337 ## - MEDIA TYPE | |
| Source | rdamedia |
| Media type term | sin mediación |
| Media type code | n |
| 338 ## - CARRIER TYPE | |
| Source | rdacarrier |
| Carrier type term | volumen |
| Carrier type code | nc |
| 501 ## - NOTA DE “CON” | |
| Nota de Contenido | Rústico |
| 505 00 - NOTA DE CONTENIDO | |
| Nota de contenido con formato preestablecido | Liberación ¿si o no? -- ¿Con marxismo o sin marxismo? -- ¿Con doctrina social de la iglesia o sin ella? -- ¿Con socialismo o sin socialismo? -- "¿Erradicación de la pobreza absoluta?" -- ¿Vivienda para los marginados? -- ¿Canasta familiar para los pobres? -- ¿y los gamines, "tema folclórico"? |
| 650 14 - ASIENTO SECUNDARIO DE MATERIA - TERMINO TEMÁTICO | |
| Término temático o nombre geográfico como elemento de entrada | TEOLOGIA SOCIAL \ PROBLEMAS SOCIALES - CRISTIANISMO \ IGLESIA Y PROBLEMAS MUNDIALES \ Iglesia y sociedad \ TEOLOGIA DE LA LIBERACION \ POBREZA |
| 942 ## - TIPO DE MATERIAL (KOHA) | |
| Tipo de Item KOHA | Libros General |
| Estado de Material | Estado de Perdido | Estado de Dañado | No para Préstamo | Colección | Tomo | Biblioteca de Origen | Biblioteca Permanente | Fecha de Adquisición | Total de Préstamos | Signatura Topográfica | Código de Barras | Última vez visto | Última vez Préstado | Ejemplar/Existencia | Fecha de Remplazo | Tipo de Material |
|---|---|---|---|---|---|---|---|---|---|---|---|---|---|---|---|---|
| Colección General | Biblioteca FUSBC | Biblioteca FUSBC | 06/12/2013 | 1 | G 362.5798 M8283p | 18029 | 12/12/2019 | 15/03/2018 | 1 | 26/01/2016 | Libros General |
